000 00528nam a2200217Ia 4500
003 OSt
005 20220923230018.0
006 a|||||r|||| 00| 0
007 ta
008 Pun
024 _a276,772
037 _cTextual
040 _aARTS
_cARTS
_bPun
041 _2Pun
_aPun
082 _aO153,2N28,GB, K9
245 0 _aਗੁਰ ਬਿਨ ਘੋਰ ਅੰਧਾਰ
260 _c1969
650 _aਪੰਜਾਬੀ ਸਾਹਿਤ
942 _hO153,2N28,GB, K9
_cTEXL
_2CC
999 _c381928
_d381928